| 000 | 00566nam a2200181Ia 4500 | ||
|---|---|---|---|
| 003 | IN-BaIIA | ||
| 008 | 211028s9999 xx 000 0 eng d | ||
| 020 | _a92-9092-246-X | ||
| 040 | _cIIA Library | ||
| 080 |
_a533.1(082.1) _bESA |
||
| 100 |
_aGuyenne, T. D _913910 |
||
| 245 | 0 |
_aPlasma physics and controlled nuclear fusion _cT. D Guyenne |
|
| 260 |
_anoordwijk _bEuropean Space Agency _c1993 |
||
| 300 | _a[various pagings.] | ||
| 650 |
_aControlled fusion _93830 |
||
| 650 |
_aPlasma physics _93732 |
||
| 942 | _cBK | ||
| 999 |
_c11772 _d11772 |
||